Capital City Superlatives - North America - Statistics

General Stats
  • This quiz has been taken 16 times
  • The average score is 11 of 16
Answer Stats
Category Answer % Correct
Northernmost Ottawa
100%
Westernmost Mexico City
93%
Most Populated Mexico City
93%
Southernmost Panama City
93%
Highest Elevation Mexico City
87%
Shortest Name Havana | Nassau | Ottawa | Roseau
80%
Highest Density Mexico City
80%
Largest Area Mexico City
80%
Last Alphabetically Washington D.C
80%
Easternmost Bridgetown
73%
Longest Name Guatemala City | Port-au-Prince
60%
First Alphabetically Belmopan
53%
Lowest Density Belmopan
47%
Least Populated Belmopan
40%
Smallest Area Belmopan
40%
Lowest Elevation Santo Domingo
40%
No matching quizzes found
Score Distribution
Percent of People with Each Score
Percentile by Number Answered
Your Score History
You have not taken this quiz